Sports Quiz

Random Sports Quiz

Super Bowl Champs Quiz Stats

 Plays Quiz not verified by Sporcle

Challenge
Share
Tweet
Embed
Score 0/43 Timer 04:00
0 Plays Today
Year Winner % Correct
2005 XXXIXNew England Patriots
98.7%
2004 XXXVIIINew England Patriots
98.7%
2002 XXXVINew England Patriots
98.7%
2009 XLIIIPittsburgh Steelers
96.9%
2008 XLIINew York Giants
96.9%
2006 XLPittsburgh Steelers
96.9%
1996 XXXDallas Cowboys
96.9%
1994 XXVIIIDallas Cowboys
96.9%
1993 XXVIIDallas Cowboys
96.9%
1991 XXVNew York Giants
96.9%
1987 XXINew York Giants
96.9%
1980 XIVPittsburgh Steelers
96.9%
1979 XIIIPittsburgh Steelers
96.9%
1978 XIIDallas Cowboys
96.9%
1976 XPittsburgh Steelers
96.9%
1975 IXPittsburgh Steelers
96.9%
1972 VIDallas Cowboys
96.9%
1971 VBaltimore Colts
96.9%
1999 XXXIIIDenver Broncos
96.5%
1998 XXXIIDenver Broncos
96.5%
1997 XXXIGreen Bay Packers
96.5%
1968 IIGreen Bay Packers
96.5%
Year Winner % Correct
1967 IGreen Bay Packers
96.5%
2007 XLIIndianapolis Colts
96%
2000 XXXIVSt. Louis Rams
93.8%
1974 VIIIMiami Dolphins
91.6%
1973 VIIMiami Dolphins
91.6%
1981 XVOakland Raiders
91.4%
1977 XIOakland Raiders
91.4%
1992 XXVIWashington Redskins
90.9%
1988 XXIIWashington Redskins
90.9%
1983 XVIIWashington Redskins
90.9%
1986 XXChicago Bears
90.5%
1984 XVIIILos Angeles Raiders
89.8%
1970 IVKansas City Chiefs
85.4%
1995 XXIXSan Fransisco 49ers
85.2%
1990 XXIVSan Fransisco 49ers
85.2%
1989 XXIIISan Fransisco 49ers
85.2%
1985 XIXSan Fransisco 49ers
85.2%
1982 XVISan Fransisco 49ers
85.2%
1969 IIINew York Jets
84.1%
2001 XXXVBaltimore Ravens
83.9%
2003 XXXVIITampa Bay Buccaneers
81%

You're not logged in!

Compare scores with friends on all Sporcle quizzes.
Join for Free
OR
Log In

You Might Also Like...

Show Comments

Extras

Created Nov 29, 2009ReportNominate
Tags:bowl, champ, loser, Super Bowl, winner

Top Quizzes Today


Score Distribution

Your Account Isn't Verified!

In order to create a playlist on Sporcle, you need to verify the email address you used during registration. Go to your Sporcle Settings to finish the process.

Report this User

Report this user for behavior that violates our Community Guidelines.

Details: